Normal view
MARC view
- Zhuyuan Zheng
Entry Personal Name
001 - CONTROL NUMBER
- control field: 9398
003 - CONTROL NUMBER IDENTIFIER
- control field: NUST
005 - DATE AND TIME OF LATEST TRANSACTION
- control field: 20180121180945.0
008 - FIXED-LENGTH DATA ELEMENTS
- fixed length control field: 180121|| aca||aabn | a|a d
040 ## - CATALOGING SOURCE
- Original cataloging agency: NUST
- Transcribing agency: NUST
100 ## - HEADING--PERSONAL NAME
- Personal name: Zhuyuan Zheng
670 ## - SOURCE DATA FOUND
- Source citation: Work cat.: (NUST)320998: Zhuyuan Zheng, Behind the Tiananmen Massacre : social, political, and economic ferment in China, 1990
